Social cost-benefit analysis of air pollution control measures - Advancing environmental-economic assessment methods to evaluate industrial point emission sources (Record no. 16681)
[ view plain ]
| 000 -LEADER | |
|---|---|
| fixed length control field | 00666nam a2200121Ia 4500 |
| 008 - FIXED-LENGTH DATA ELEMENTS--GENERAL INFORMATION | |
| fixed length control field | 220615s9999||||xx |||||||||||||| ||und|| |
| 100 ## - MAIN ENTRY--PERSONAL NAME | |
| Personal name | van der Kamp, Jonathan |
| 245 #0 - TITLE STATEMENT | |
| Title | Social cost-benefit analysis of air pollution control measures - Advancing environmental-economic assessment methods to evaluate industrial point emission sources |
| 546 ## - LANGUAGE NOTE | |
| Language note | English[eng] |
| 650 ## - SUBJECT ADDED ENTRY--TOPICAL TERM | |
| Topical term or geographic name entry element | externalities||Kosten-Nutzen-Analyse||cost-benefit analysis||Emissionsminderungsmaßnahmen||Gesundheitsschadenskosten||air pollution||health damage costs||Luftverschmutzung||Externalitäten||pollution control measures |
| 856 ## - ELECTRONIC LOCATION AND ACCESS | |
| Uniform Resource Identifier | <a href="https://www.ksp.kit.edu/9783731506973">https://www.ksp.kit.edu/9783731506973</a> |
| 942 ## - ADDED ENTRY ELEMENTS (KOHA) | |
| Koha item type | E-Books |
| Withdrawn status | Lost status | Damaged status | Not for loan | Home library | Current library | Date acquired | Total Checkouts | Date last seen | Price effective from | Koha item type |
|---|---|---|---|---|---|---|---|---|---|---|
| Kerala University of Digital Sciences, Innovation and Technology Knowledge Centre | Kerala University of Digital Sciences, Innovation and Technology Knowledge Centre | 15/06/2022 | 15/06/2022 | 15/06/2022 | E-Books |